On the strong stability by Lyapunov's direct method

Elmentve itt :
Bibliográfiai részletek
Szerző: Hatvani László
Dokumentumtípus: Cikk
Megjelent: 1975
Sorozat:Acta scientiarum mathematicarum 37 No. 3-4
Kulcsszavak:Matematika
Online Access:http://acta.bibl.u-szeged.hu/14534
LEADER 00627nab a2200181 i 4500
001 acta14534
005 20210409135109.0
008 161015s1975 hu o 0|| eng d
022 |a 0001-6969 
040 |a SZTE Egyetemi Kiadványok Repozitórium  |b hun 
041 |a eng 
100 1 |a Hatvani László 
245 1 3 |a On the strong stability by Lyapunov's direct method  |h [elektronikus dokumentum] /  |c  Hatvani László 
260 |c 1975 
300 |a 241-251 
490 0 |a Acta scientiarum mathematicarum  |v 37 No. 3-4 
695 |a Matematika 
856 4 0 |u http://acta.bibl.u-szeged.hu/14534/1/math_037_fasc_003_004_241-251.pdf  |z Dokumentum-elérés